000 00448nam a22001817a 4500
003 CEME
005 20210628201725.0
008 210201b xxu||||| |||| 00| 0 eng d
020 _a81-7826-396-3
040 _c.
082 _a823.008 GRA
100 _aGrahame, Kenneth
_956532
245 _aThe wind in the willows
260 _aDELHI
_bROHAN BOOK CO
_c2003
300 _a256
650 _aENGLISH LITERATURE-STORIES
_91860
942 _cBK
_2ddc
999 _c566922
_d566922